| 000 | 00558nam a22001937a 4500 | ||
|---|---|---|---|
| 003 | CEME | ||
| 005 | 20210628202708.0 | ||
| 008 | 210125b xxu||||| |||| 00| 0 eng d | ||
| 020 | _a0-07-122661-3 | ||
| 040 | _c. | ||
| 082 | _a519.2 PAP | ||
| 100 |
_aPapoulis, Athanasios Pillai, S.Unnikrishna _961123 |
||
| 245 | _aProbability, random, variables, and stochastic processes | ||
| 250 | _a4TH | ||
| 260 |
_aSINGAPORE _bMCGRAW HILL _c2000 |
||
| 300 | _aIX,851 P | ||
| 650 |
_aPROBABILITIES, RANDOM VARIABLE, STOCHASTIC PROCESS. _961124 |
||
| 942 |
_cBK _2ddc |
||
| 999 |
_c570676 _d570676 |
||